000 00443nam a2200157Ia 4500
005 20250508153949.0
008 008 250505s9999 xx 000 0 eng d
037 _aTextual
040 _aFEDL
_beng
_cFEDL
041 _aeng
_2eng
084 _a373.06, UTT
_qFEDL
245 0 _aProgress of the scheme of secondary education in the state : Report
300 _a57p.
942 _cTEXL
_h373.06, UTT
999 _c1346658
_d1346658